Estadísticas para Campeones de las mayores competiciones de futbol selecciones

Haz click aquí para intentar la prueba.

Estadísticas generales

  • Esta prueba ha sido intentada 115 veces
    (78 desde el último reinicio)
  • La puntuación promedio es 109 de 208

Estadísticas de respuestas

CampeonatoPais% Correcto
Copa Africana 2021Senegal
81%
Copa America 1916Uruguay
81%
Copa America 1917Uruguay
81%
Copa America 1919Brasil
78%
Eurocopa 2020Italia
75%
Copa America 1921Argentina
74%
Copa America 2021Argentina
74%
Copa America 1922Brasil
74%
Liga de Naciones UEFA 2021Francia
74%
Copa del Mundo 1930Uruguay
74%
Copa America 1935Uruguay
74%
Copa America 1920Uruguay
74%
Copa America 1923Uruguay
74%
Copa America 1925Argentina
72%
Copa America 1929Argentina
72%
Copa del Mundo 1934Italia
72%
Copa America 1924Uruguay
72%
Copa America 2019Brasil
71%
Copa del Mundo 2018Francia
71%
Copa America 1926Uruguay
71%
Copa America 1927Argentina
69%
Copa America 1937Argentina
68%
JJOO 2020Brasil
68%
Copa del Mundo 2010España
68%
Copa del Mundo 1938Italia
68%
Copa del Mundo 1954Alemania
67%
Copa del Mundo 2014Alemania
67%
Eurocopa 2012España
67%
JJOO 1928Uruguay
67%
JJOO 1924Uruguay
67%
Copa America 1945Argentina
65%
Copa America 1946Argentina
65%
Copa America 1947Argentina
65%
Copa America 1941Argentina
65%
Copa America 1949Brasil
65%
Eurocopa 2008España
65%
LIga de Naciones UEFA 2019Portugal
65%
Copa del Mundo 1950Uruguay
65%
Copa America 1942Uruguay
65%
Copa del Mundo 1958Brasil
64%
Copa del Mundo 1962Brasil
64%
Copa America 2016Chile
64%
Copa del Mundo 1966Inglaterra
64%
Copa America 1939Peru
64%
Eurocopa 2016Portugal
64%
Copa America 1955Argentina
63%
Copa del Mundo 2002Brasil
63%
Copa del Mundo 1970Brasil
63%
Copa America 2015Chile
63%
Copa del Mundo 1974Alemania
61%
Copa del Mundo 1978Argentina
61%
Copa America 1957Argentina
61%
Copa del Mundo 2006Italia
61%
Copa del Mundo 1982Italia
61%
Copa America 1953Paraguay
61%
Copa America 1956Uruguay
61%
Copa America 1967Uruguay
61%
Copa America 1959 IIUruguay
61%
Copa America 1959Argentina
60%
Copa del Mundo 1986Argentina
60%
Copa del Mundo 1994Brasil
60%
Copa Oro 2013Estados Unidos
60%
Copa del Mundo 1998Francia
60%
Copa Oro 2019Mexico
60%
JJOO 1908Reino Unido
60%
Eurocopa 1960Union Sovietica
60%
Copa America 2011Uruguay
60%
Eurocopa 1964España
58%
Copa Oro 2015Mexico
58%
JJOO 1912Reino Unido
58%
Copa del Mundo 1990Alemania
57%
Copa America 1963Bolivia
57%
JJOO 2016Brasil
57%
Copa Oro 2017Estados Unidos
57%
Eurocopa 1968Italia
57%
Copa Oro 2009Mexico
57%
Copa Oro 2011Mexico
57%
Copa Confederaciones 2017Alemania
56%
Copa Confederaciones 2013Brasil
56%
Copa America 2001Colombia
56%
Eurocopa 2004Grecia
56%
Copa Oro 1965Mexico
56%
Copa de Oceania 2016Nueva Zelanda
56%
Copa America 1987Uruguay
56%
Eurocopa 1980Alemania
54%
Eurocopa 1972Alemania
54%
Copa America 1991Argentina
54%
Copa America 1993Argentina
54%
Copa America 1997Brasil
54%
Copa America 2007Brasil
54%
Copa America 1999Brasil
54%
Copa Oro 2007Estados Unidos
54%
Copa Oro 1971Mexico
54%
Copa Oro 1993Mexico
54%
Copa America 1975Peru
54%
Copa America 1995Uruguay
54%
Copa Africana 2019Argelia
53%
Copa America 2004Brasil
53%
Copa America 1989Brasil
53%
Eurocopa 2000Francia
53%
Copa Oro 2003Mexico
53%
Copa America 1983Uruguay
53%
JJOO 2008Argentina
51%
Copa Confederaciones 2009Brasil
51%
Copa Africana 2017Camerun
51%
Copa Asiatica 1956Corea del Sur
51%
Eurocopa 1992Dinamarca
51%
Copa de Oro 2021EEUU
51%
Copa Africana 1957Egipto
51%
JJOO 1936Italia
51%
Copa Oro 1998Mexico
51%
Copa Oro 1996Mexico
51%
Copa America 1979Paraguay
51%
Eurocopa 1996Alemania
50%
Copa Confederaciones 2005Brasil
50%
Copa Asiatica 1960Corea del Sur
50%
Copa Oro 1963Costa rica
50%
Copa Africana 1959Egipto
50%
Copa Oro 2002Estados Unidos
50%
Copa Oro 2005Estados Unidos
50%
Copa Asiatica 2011Japon
50%
Copa Oro 1977Mexico
50%
Copa de Oceania 1973Nueva Zelanda
50%
Copa Oro 1969Costa rica
49%
Copa Oro 1991Estados Unidos
49%
Eurocopa 1984Francia
49%
Copa Oro 1967Guatemala
49%
Copa de Oceania 1998Nueva Zelanda
49%
Eurocopa 1988Paises Bajos
49%
Copa de Oceania 1996Australia
47%
Copa de Oceania 2000Australia
47%
Copa de Oceania 1980Australia
47%
Copa Oro 2000Canada
47%
Copa Asiatica 2019Catar
47%
Copa Africana 2010Egipto
47%
JJOO 2004Argentina
46%
Copa Confederaciones 1992Argentina
46%
Copa de Oceania 2004Australia
46%
Copa Oro 1985Canada
46%
Copa Oro 1989Costa rica
46%
Copa Confederaciones 2001Francia
46%
Copa Oro 1981Honduras
46%
JJOO 1952Hungria
46%
Copa de Oceania 2008Nueva Zelanda
46%
JJOO 1920Belgica
44%
Eurocopa 1976Checoslovaquia
44%
Liga de la Concacaf 2020EEUU
44%
Copa Confederaciones 2003Francia
44%
JJOO 2012Mexico
44%
Copa de Oceania 2002Nueva Zelanda
44%
Copa Asiatica 2015Australia
43%
Copa Confederaciones 1997Brasil
43%
Copa Africana 2008Egipto
43%
Copa Asiatica 1992Japon
43%
Copa Confederaciones 1999Mexico
43%
Copa Africana 2013Nigeria
43%
Copa de Oceania 2012Tahiti
43%
Copa Asiatica 1988Arabia Saudita
40%
Copa Africana 2015Costa de Marfil
40%
Copa Africana 2006Egipto
40%
Copa Asiatica 2004Japon
40%
JJOO 1948Suecia
40%
JJOO 1956Union Sovietica
40%
Copa Africana 1988Camerun
39%
Copa Africana 2002Camerun
39%
Copa Confederaciones 1995Dinamarca
39%
Copa Africana 1963Ghana
39%
Copa Oro 1973Haiti
39%
Copa Asiatica 1976Iran
39%
Copa Asiatica 1968Iran
39%
Copa Asiatica 1972Iran
39%
Copa Asiatica 2000Japon
39%
JJOO 1960Yugoslavia
39%
Copa Asiatica 1996Arabia Saudita
38%
Copa Africana 1992Costa de Marfil
38%
Copa Africana 1998Egipto
38%
Copa Africana 1986Egipto
38%
JJOO 1992España
38%
Copa Africana 1962Etiopia
38%
Copa Africana 1965Ghana
38%
JJOO 1968Hungria
38%
JJOO 1964Hungria
38%
Copa Asiatica 2007Irak
38%
Copa Asiatica 1964Israel
38%
Copa Africana 1976Marruecos
38%
Copa Africana 1994Nigeria
38%
JJOO 1996Nigeria
38%
Copa Africana 2004Tunez
38%
Copa Africana 1990Argelia
36%
Copa Africana 1984Camerun
36%
Copa Africana 2000Camerun
36%
Copa Africana 1972Congo
36%
Copa Africana 1978Ghana
36%
Copa Africana 1982Ghana
36%
Copa Africana 1980Nigeria
36%
Copa Africana 1996Sudafrica
36%
Copa Africana 1970Sudan
36%
Copa Africana 1974Zaire
36%
Copa Asiatica 1984Arabia Saudita
35%
JJOO 2000Camerun
35%
JJOO 1984Francia
35%
JJOO 1972Polonia
35%
JJOO 1980Checoslovaquia
33%
Copa Africana 1968Congo RD
33%
JJOO 1988Union Sovietica
33%
Copa Africana 2012Zambia
33%
JJOO 1976Alemania oriental
32%
Copa Asiatica 1980Kuwait
32%

Distribución de puntuación

Porcentaje por número respondido

Porcentaje de gente con cada puntuación

Historial de tus puntuaciones

No has intentado esta prueba desde el último reinicio